000 00612nam a2200229Ia 4500
003 OSt
005 20220924120121.0
006 a|||||r|||| 00| 0
007 ta
008 220923b |||||||| |||| 00| 0 urd d
024 _a316262
037 _cTextual
040 _aARTS
_cARTS
_burd
041 _2urd
_aurd
082 _aO168,1NSH41x, M7
100 _aShikoh-e-Aatif
_9180846
245 0 _aDast-e-Afshan
260 _aDelhi
_bKutub Khana Anjuman India
_c1987
650 _aURDU POETRY
942 _hO168,1NSH41x, M7
_cTEXL
_2CC
999 _c401322
_d401322